Electron energy structure of DGN crystal from first-principal calculations / (Rekord nr 7680)
| 000 -ETYKIETA REKORDU | |
|---|---|
| podpole kontrolne o stałej długości | 01068nab a22002057a 4500 |
| 001 - NUMER KONTROLNY REKORDU | |
| podpole kontrolne | 7680 |
| 003 - IDENTYFIKATOR NUMERU KONTROLNEGO REKORDU | |
| podpole kontrolne | KOSZ 005 |
| 005 - DATA OSTATNIEJ MODYFIKACJI REKORDU | |
| podpole kontrolne | 20191005121920.0 |
| 008 - POLE O STAŁEJ DŁUGOŚCI - DANE KONTROLNE | |
| podpole kontrolne o stałej długości | 160805b2005 un ||||| |||| 00| ||eng |
| 040 ## - ŹRÓDŁO KATALOGOWANIA | |
| Instytucja, która utworzyła rekord | BPK |
| Instytucja, która dokonała modyfikacji | KOSZ 005/EG |
| 041 ## - KOD JĘZYKA | |
| Kod języka tekstu | eng |
| 044 ## - KOD KRAJU WYDAWCY/PRODUCENTA | |
| Kod kraju wydawcy/producenta | UKR |
| 100 1# - NAZWA OSOBOWA | |
| Nazwa osobowa | Andriyevskyy, Bohdan |
| Określenie rodzaju współpracy | Autor |
| Lata pracy | 2001 - . |
| Instytucja | Politechnika Koszalińska - Wydział Elektroniki i Informatyki, |
| Wydział | Katedra Podstaw Elektroniki |
| 245 10 - TYTUŁ/ODPOWIEDZIALNOŚĆ | |
| Tytuł | Electron energy structure of DGN crystal from first-principal calculations / |
| Pozostałe elementy strefy tytułu i oznaczenia odpowiedzialności | B.V. Andriyevsky, W. Ciepluch-Trojanek, M.O. Romanyuk, A.A. Patryn, G.M. Romanyuk. |
| 500 ## - UWAGI OGÓLNE | |
| Tekst uwagi | Dane z listy publikacji prof. Bohdana Andriyevskyy,ego. |
| 700 1# - HASŁO DODATKOWE - NAZWA OSOBOWA | |
| Nazwa osobowa | CIEPLUCH-TROJANEK, Wioleta. |
| Lata pracy | 1999 - . |
| Instytucja | Politechnika Koszalińska - Wydział Elektroniki i Informatyki, |
| Wydział | Katedra Podstaw Elektroniki |
| 773 0# - TYTUŁ DOKUMENTU MACIERZYSTEGO | |
| Wyrażenie wprowadzające | W : |
| Tytuł | Physics and Chemistry of Solid State. - |
| Informacje dotyczące relacji | 2005, Vol. 6, no 2, p. 194-197 |
| 700 1# - HASŁO DODATKOWE - NAZWA OSOBOWA | |
| Nazwa osobowa | Patryn, Aleksy |
| Określenie związku między hasłem a opisywanym materiałem | Autor |
| Lata pracy | 1996 - . |
| Instytucja | Politechnika Koszalińska - Wydział Elektroniki i Informatyki, |
| Wydział | Katedra Podstaw Elektroniki |
| 942 ## - HASŁO DODATKOWE - ELEMENTY(KOHA) | |
| Typ dokumentu | Artykuł |
| Schemat klasyfikacji | Uniwersalna klasyfikacja dziesiętna |
Brak dostępnych egzemplarzy.
